LIBRARY & INFORMATION CENTRE, KCAET, TAVANUR

ONLINE PUBLIC ACCESS CATALOGUE (OPAC)

Mara dharm (Record no. 12489)

MARC details
000 -LEADER
fixed length control field 00368cam a2200169ua 4500
041 ## - LANGUAGE CODE
Language code of text/sound track or separate title hin
082 ## - DEWEY DECIMAL CLASSIFICATION NUMBER
Classification number 891.54
Item number GAN/MA
100 ## - MAIN ENTRY--AUTHOR NAME
Personal name Gandhi, M K.
245 ## - TITLE STATEMENT
Title Mara dharm
260 ## - PUBLICATION, DISTRIBUTION, ETC. (IMPRINT)
Place of publication Ahamadabad :
Name of publisher Navjeevan prakashan mandir ,
Year of publication 1960.
300 ## - PHYSICAL DESCRIPTION
Number of Pages 106 ; .
942 ## - ADDED ENTRY ELEMENTS (KOHA)
Koha item type Books
Holdings
Withdrawn status Lost status Damaged status Home library Current library Date acquired Full call number Accession Number Koha item type
Withdrawn     KAUAET Sanskrit University 07/04/2012 891.54 3245 Books
free website counter